The development of rural America

The book consists of seven papers written as original contributions by prominent agricultural and regional economists, demographers, and administrators. The book also has been carefully edited to provide continuity throughout.

Na minha lista:
Detalhes bibliográficos
Formato: Livro
Idioma:Undetermined
Publicado em: Lawrence University Press of Kansas 1974
Assuntos:
Tags: Adicionar Tag
Sem tags, seja o primeiro a adicionar uma tag!
Thư viện lưu trữ: Trung tâm Học liệu Trường Đại học Cần Thơ
LEADER 00773nam a2200193Ia 4500
001 CTU_186244
008 210402s9999 xx 000 0 und d
082 |a 301.350973 
082 |b D489 
245 4 |a The development of rural America 
245 0 |c Edited by George Brinkman 
260 |a Lawrence 
260 |b University Press of Kansas 
260 |c 1974 
520 |a The book consists of seven papers written as original contributions by prominent agricultural and regional economists, demographers, and administrators. The book also has been carefully edited to provide continuity throughout. 
650 |a Rural development,Phát triển nông thôn 
650 |z United States 
910 |a Hải 
980 |a Trung tâm Học liệu Trường Đại học Cần Thơ